• 首页
  • 本馆介绍
  • 公告通知
  • 最新文献
  • 馆藏检索
  • 电子资源
  • 读者导购
  • 参考咨询
  • 我的图书馆
  • 登录
  • 详细信息显示
  • 放入我的书架
  • 预约/预借图书
  • 作者相关作品
  • 分类相关作品
  • 丛书相关作品
  • 出版社相关作品

书目信息

  • 表格格式
  • 工作单格式
  • 卡片格式
题名:
鹏翔无疆
    
 
作者: 刘生良 著
分册:  
出版信息: 北京   人民出版社  2004
页数: 390页
开本: 20cm
丛书名:
单 册:
中图分类: B223.55
科图分类:
主题词: 庄子--文学研究
电子资源:
ISBN: 7-01-004227-6
000 00952nam0 2200253 450
001 TS2006023611
005 20070109150915.87
010    @a7-01-004227-6@dCNY25.00
100    @a20060829d2004 em y0chiy0110 ea
101 0  @achi
102    @aCN@b110000
105    @ay a 000yy
200 1  @a鹏翔无疆@APeng Xiang Wu Jiang@e《庄子》文学研究@E《 Zhuang Zi》 Wen Xue Yan Jiu@f刘生良著@FLiu Sheng Liang Zhu
210    @a北京@c人民出版社@d2004
215    @a390页@d20cm
300    @a陕西师范大学出版基金资助出版
320    @a有书目:382-387页
330    @a本书共分7章26节70余目。书中对庄子其人、其书等基本问题作了考辨;还分别就《庄子》的文学类型、文体形态、文本结构、辩对艺术、话语特色以及美学、文学思想等作了论析。
517 1  @a《庄子》文学研究@A《 Zhuang Zi》 Wen Xue Yan Jiu
606    @a庄子@x文学研究
690    @aB223.55@v4
701  0 @a刘生良@ALiu Sheng Liang@f(1957.1~)@4著
801  0 @aCN@b中图数据@c20070109
905    @a10447@dB223.55@e300
    
    鹏翔无疆:《庄子》文学研究/刘生良著.-北京:人民出版社,2004
    390页;20cm
    陕西师范大学出版基金资助出版
    
    ISBN 7-01-004227-6:CNY25.00
    本书共分7章26节70余目。书中对庄子其人、其书等基本问题作了考辨;还分别就《庄子》的文学类型、文体形态、文本结构、辩对艺术、话语特色以及美学、文学思想等作了论析。
●
相关链接 在E读中查询图书 在五车中查询图书 在当当中查询图书 在豆瓣中查询图书


正题名:鹏翔无疆     索取号:B223.55/300         预约/预借

序号 登录号 条形码 馆藏地/架位号 状态 备注
1 0607467   206074674   第一样本阅览室/ [索取号:B223.55/300] 在馆    
2 0607468   206074683   教育系资料室/ [索取号:B223.55/300] 在馆    
3 0607469   206074692   教育系资料室/ [索取号:B223.55/300] 在馆    
4 0607470   206074709   第一借阅区/ [索取号:B223.55/300] 在馆    
5 0607471   206074718   第一借阅区/ [索取号:B223.55/300] 在馆    
唐山师范学院图书馆 欢迎您!
大连网信软件有限公司© 版权所有